000 00827nmm a2200277 a 4500
001 ocm000607527
003 TR-IsHL
005 20201028125826.0
008 130927s2001 tu tur
007 cr cn
020 _a9789755125824
035 _a607527
_b(N$T)
050 0 4 _aTJ820
_b.R89 2001
090 0 4 _aTJ820
_b.R89 2001
245 1 0 _aRüzgar enerjisi
_h[electronic resource] /
_chaz. Metin Yerebakan
250 _a1. bs.
260 _aİstanbul :
_bİstanbul Ticaret Odası,
_c2001
300 _a184 p.
650 4 _aEnerji
650 4 _aEnergy
650 0 _aRüzgar gücü
650 0 _aWind power
650 7 _aBUSINESS & ECONOMICS / Industries / Energy
_2bisacsh
700 1 _aYerebakan, Metin
856 4 0 _uhttp://search.ebscohost.com/login.aspx?direct=true&scope=site&db=e011xww&AN=607527
999 _c3691
_d3691